000 00847nam a2200253Ia 4500
003 OSt
005 20221005092130.0
006 a|||||r|||| 00| 0
007 ta
008 221004b |||||||| |||| 00| 0 eng d
020 _a9780805863680 (pbk)
_c1758.29
024 _a96144
037 _b08-04673, 30/01/2009, Atlantic Publisher & Dist. Pvt Ltd.
_cTextual
040 _aCRL
_cCRL
_beng
041 _2eng
_aeng
082 _aT:3(S:55), P9
100 _aNelson Cynthia D.
_9558269
245 0 _aSexual identities in English language education
_b Classroom conversations
260 _aNew York
_bRoutledge Taylor USA
_c2009
300 _axiv,239p.
_ccm.
650 _aEDUCATION
942 _hT:3(S:55), P9
_cTEXL
_2cc
999 _c998415
_d998415